<?xml version="1.0" encoding="UTF-8"?><?xml-stylesheet type="text/xsl" href="static/style.xsl"?><OAI-PMH xmlns="http://www.openarchives.org/OAI/2.0/" xmlns:xsi="http://www.w3.org/2001/XMLSchema-instance" xsi:schemaLocation="http://www.openarchives.org/OAI/2.0/ http://www.openarchives.org/OAI/2.0/OAI-PMH.xsd"><responseDate>2026-04-17T18:55:04Z</responseDate><request verb="GetRecord" identifier="oai:www.recercat.cat:20.500.12327/1479" metadataPrefix="marc">https://recercat.cat/oai/request</request><GetRecord><record><header><identifier>oai:recercat.cat:20.500.12327/1479</identifier><datestamp>2025-10-22T11:10:54Z</datestamp><setSpec>com_2072_4428</setSpec><setSpec>com_2072_4427</setSpec><setSpec>col_2072_487898</setSpec></header><metadata><record xmlns="http://www.loc.gov/MARC21/slim" xmlns:dcterms="http://purl.org/dc/terms/" xmlns:xsi="http://www.w3.org/2001/XMLSchema-instance" xmlns:doc="http://www.lyncode.com/xoai" xsi:schemaLocation="http://www.loc.gov/MARC21/slim http://www.loc.gov/standards/marcxml/schema/MARC21slim.xsd">
   <leader>00925njm 22002777a 4500</leader>
   <datafield ind2=" " ind1=" " tag="042">
      <subfield code="a">dc</subfield>
   </datafield>
   <datafield ind2=" " ind1=" " tag="720">
      <subfield code="a">Parés, Sílvia</subfield>
      <subfield code="e">author</subfield>
   </datafield>
   <datafield ind2=" " ind1=" " tag="720">
      <subfield code="a">Cano-Garrido, Olivia</subfield>
      <subfield code="e">author</subfield>
   </datafield>
   <datafield ind2=" " ind1=" " tag="720">
      <subfield code="a">Bach, Alex</subfield>
      <subfield code="e">author</subfield>
   </datafield>
   <datafield ind2=" " ind1=" " tag="720">
      <subfield code="a">Ferrer-Miralles, Neus</subfield>
      <subfield code="e">author</subfield>
   </datafield>
   <datafield ind2=" " ind1=" " tag="720">
      <subfield code="a">Villaverde, Antonio</subfield>
      <subfield code="e">author</subfield>
   </datafield>
   <datafield ind2=" " ind1=" " tag="720">
      <subfield code="a">Garcia-Fruitos, Elena</subfield>
      <subfield code="e">author</subfield>
   </datafield>
   <datafield ind2=" " ind1=" " tag="720">
      <subfield code="a">Alomar, Oscar</subfield>
      <subfield code="e">author</subfield>
   </datafield>
   <datafield ind2=" " ind1=" " tag="260">
      <subfield code="c">2021-11-30</subfield>
   </datafield>
   <datafield ind2=" " ind1=" " tag="520">
      <subfield code="a">The dry period is decisive for the milking performance of dairy cows. The promptness of&#xd;
mammary gland involution at dry-off affects not only the productivity in the next lactation, but also&#xd;
the risk of new intra-mammary infections since it is closely related with the activity of the immune&#xd;
system. Matrix metalloproteinase-9 (MMP-9) is an enzyme present in the mammary gland and&#xd;
has an active role during involution by disrupting the extracellular matrix, mediating cell survival&#xd;
and the recruitment of immune cells. The objective of this study was to determine the potential of&#xd;
exogenous administration of a soluble and recombinant version of a truncated MMP-9 (rtMMP-9)&#xd;
to accelerate mammary involution and boost the immune system at dry-off, avoiding the use of&#xd;
antibiotics. Twelve Holstein cows were dried abruptly, and two quarters of each cow received an&#xd;
intra-mammary infusion of either soluble rtMMP-9 or a positive control based on immunostimulant&#xd;
inclusion bodies (IBs). The contralateral quarters were infused with saline solution as negative control.&#xd;
Samples of mammary secretion were collected during the week following dry-off to determine SCC,&#xd;
metalloproteinase activity, bovine serum albumin, lactoferrin, sodium, and potassium concentrations.&#xd;
The soluble form of rtMMP-9 increased endogenous metalloproteinase activity in the mammary&#xd;
gland compared with saline quarters but did not accelerate either the immune response or involution&#xd;
in comparison with control quarters. The results demonstrated that the strategy to increase the&#xd;
mammary gland immunocompetence by recombinant infusion of rtMMP-9 was unsuccessful.</subfield>
   </datafield>
   <datafield ind1="8" ind2=" " tag="024">
      <subfield code="a">Parés, Sílvia, Olivia Cano-Garrido, Alex Bach, Neus Ferrer-Miralles, Antonio Villaverde, Elena Garcia-Fruitós, and Anna Arís. 2021. "The Potential of Metalloproteinase-9 Administration to Accelerate Mammary Involution and Boost the Immune System at Dry-Off". Animals 11 (12): 3415. doi: 10.3390/ani11123415.</subfield>
   </datafield>
   <datafield ind1="8" ind2=" " tag="024">
      <subfield code="a">2076-2615</subfield>
   </datafield>
   <datafield ind1="8" ind2=" " tag="024">
      <subfield code="a">http://hdl.handle.net/20.500.12327/1479</subfield>
   </datafield>
   <datafield ind1="8" ind2=" " tag="024">
      <subfield code="a">https://doi.org/10.3390/ani11123415</subfield>
   </datafield>
   <datafield ind2="0" ind1="0" tag="245">
      <subfield code="a">The Potential of Metalloproteinase-9 Administration to Accelerate Mammary Involution and Boost the Immune System at Dry-Off</subfield>
   </datafield>
</record></metadata></record></GetRecord></OAI-PMH>